000
00221 a2200097 4500
001
19706
100
_a
Wiebelt J A
245
_a
Engineering radiation heat transfer
260
_a
_b
Rinehart
_c
1966
090
_c
14353
_d
14353
942
_a
NUST-CAE
_c
M
_c
4840
999
_c
254779
_d
254779